Представление документа в формате MARC21

Поле Инд. ПП Название Значение
Тип записи a
Библиографический уровень m
001 Контрольный номер 0e85f956-380e-46bc-99fa-ac82c5310bea
005 Дата корректировки 20140703174351.9
008 Кодируемые данные 081223
020 c Цена, тираж 60.00
040 a Служба первич. каталог. НБ ТвГУ
041 a Код языка текста rus
080 a Индекс УДК 51
084 a Индекс другой классификации/Индекс ББК В1
090 a Полочн. индекс В1
x Авторский знак А84
100 1_ a Автор Арнольд Владимир Игоревич
245 10 a Заглавие Наука математика и искусство математиков
b Продолж. заглавия лекция лауреата Государственной премии Российской Федерации 2007 года в Московском государственном университете им. М. В. Ломоносова, Москва, 24 июня 2008 г.
c Ответственность В. И. Арнольд
260 0_ a Место издания Москва
b Издательство Московский государственный университет
c Дата издания 2008
300 a Объем 55, [2] с.
b Иллюстрации/ тип воспроизводства ил., портр.
583 a Действие Получение впервые 324 22.12.2008
k Исполнитель действия Дар Гаврикова В.П.
650 a Основная рубрика Математика
653 a Ключевые слова Математика
a Ключевые слова История математики
a Ключевые слова Лекции
666 a К рн
852 t Порядковый номер экземпляра 1
p Инвентарный номер 924911
863 t 00186544
888 a Бесплатные
930 a Новая/Ретро лекции
952 p 324.2008 60.00 1 924911
954 a Дата поступления на обработку 20090505
999 a Подразделение 2 ч.з.